Words into deeds. Progress since the Miami summit. Report on implementation of the decisions reached at the 1994 Miami summit of the Americas. Informe sobre la implementación de las decisiones alcanzadas en la Cumbre de las Américas de Miami de 1994

Sábháilte in:
Sonraí bibleagrafaíochta
Údar corparáideach: U.S. Departament of State. Bureau of Inter-American Affairs
Formáid: Téacs
Foilsithe / Cruthaithe: Washington, D.C.: Department of State
Ábhair:
Clibeanna: Cuir clib leis
Níl clibeanna ann, Bí ar an gcéad duine le clib a chur leis an taifead seo!

MARC

LEADER 00000 a a2200000 04500
001 28600
003
040 |a CRAI/IIS  |c CRAI/IIS 
090 |a 189200  
110 |a U.S. Departament of State. Bureau of Inter-American Affairs  
245 |a Words into deeds. Progress since the Miami summit. Report on implementation of the decisions reached at the 1994 Miami summit of the Americas. Informe sobre la implementación de las decisiones alcanzadas en la Cumbre de las Américas de Miami de 1994  
260 |a Washington, D.C.:   |b Department of State  
300 |a 207 p   |b il.  
650 |a DEMOCRACIA  
650 |a DERECHOS HUMANOS  
650 |a PARTICIPACION SOCIAL  
999 |c 6206  |d 6206